Principios políticos del procedimiento penal
Guardat en:
| Autor principal: | |
|---|---|
| Format: | Llibre |
| Idioma: | espanyol |
| Publicat: |
Buenos Aires
Del Puerto
2005
|
| Col·lecció: | Estudios del Puerto
|
| Matèries: | |
| Etiquetes: |
Afegir etiqueta
Sense etiquetes, Sigues el primer a etiquetar aquest registre!
|
MARC
| LEADER | 00000nam a2200000 a 4500 | ||
|---|---|---|---|
| 001 | UCI6311 | ||
| 003 | CL-VaPUC | ||
| 008 | 080430e20050000AG |||||||||||||||||spa|d | ||
| 020 | |a 9879120744 | ||
| 082 | 0 | 4 | |a 347.05 |b BOV |2 21 |
| 100 | 0 | |a Bovino, Alberto |e author |9 529124 | |
| 245 | 1 | 0 | |a Principios políticos del procedimiento penal |
| 300 | |a 124 p | ||
| 942 | |c BK | ||
| 945 | |d 20080430 00:00:00 |a rbrito | ||
| 260 | |a Buenos Aires |b Del Puerto |c 2005 | ||
| 650 | 0 | |a Derecho procesal penal |9 256392 | |
| 650 | 7 | |a DERECHO PENAL |2 CL-VaPUC |9 11 | |
| 650 | 0 | |a Principio de legalidad |9 524667 | |
| 650 | 0 | |a Juicio oral |9 455093 | |
| 583 | |a last modification |c 20080430 00:00:00 |k Rodrigo Vera | ||
| 490 | 0 | |a Estudios del Puerto | |
| 999 | |c 329834 |d 329832 | ||
| 952 | |0 0 |1 0 |4 0 |6 347_050000000000000_BOV_2005 |7 0 |8 A |9 414948 |a BIBDER |b BIBDER |d 2019-11-22 |i 4435931 |o 347.05 BOV 2005 |p 4435931 |r 2023-01-25 |w 2019-11-22 |y BK |k DER | ||